Polskie miasta bez liter J, A, S, T, R, Z, Ę, B, I, E, Z, D, R, Ó, J - Statystyki

Ogólne statystyki
  • Ten quiz został rozwiązany 23 razy
  • Średni wynik to 3 z 8
Statystyki odpowiedzi
Województwo Populacja Miasto % Poprawnych
Mazowieckie 111 927 Płock
91%
Pomorskie 10 555 Puck
35%
Wielkopolskie 19 555 Koło
30%
Łódzkie 13 145 Głowno
26%
Podlaskie 9 871 Kolno
22%
Lubelskie 2 898 Kock
17%
Świętokrzyskie 2 482 Wąchock
17%
Pomorskie 6 714 Żukowo
17%
Nie znaleziono quizów pasujących do podanych kryteriów
Rozkład punktacji
Procent ludzi z każdym wynikiem
Percentyl według liczby udzielonych odpowiedzi
Twoja historia wyników
Nie rozwiązałeś tego quizu